Science Quiz

Random Science or Astronomy Quiz

Solar System (A-Z) Quiz Stats

 Plays Quiz Updated Jan 24, 2019

     
Support Sporcle.
Go Orange.
Score 0/26 Timer 06:00
5 Plays Today
Letter Object % Correct
EEarth
96%
JJupiter
94.6%
MMars
94.1%
SSun
92%
VVenus
91%
PPluto
89.5%
UUranus
89.1%
NNeptune
88.5%
IIo
42.6%
TTitan
40.2%
GGanymede
29.4%
CCallisto
20.1%
OOberon
9.7%
Letter Object % Correct
RRhea
7.8%
AAriel
6.7%
HHaumea
5.7%
DDione
5.2%
QQuaoar
4%
YYmir
1.5%
KKalliope
1.4%
WWinchester
1.2%
LLachesis
1.2%
BBamberga
1.1%
FFortuna
1.1%
XXanthippe
1%
ZZelinda
0.9%

From the Vault

25 Years of Romantic Comedy Movies

by lolshortee

Movies 8m
25 years of movie characters falling for someone they just met.
Remove Ads.
Support Sporcle.
Get the best of Sporcle when you Go Orange. This ad-free experience offers more features, more stats, and more fun while also helping to support Sporcle. Thank you for becoming a member.

Show Comments

Extras

Top Quizzes Today


Score Distribution

Your Account Isn't Verified!

In order to create a playlist on Sporcle, you need to verify the email address you used during registration. Go to your Sporcle Settings to finish the process.

Report this User

Report this user for behavior that violates our Community Guidelines.

Details: